Triebkräfte des deutschen wiederaufstiegs (Record no. 7981)

MARC details
000 -CABECERA
campo de control de longitud fija 00608nam a2200229 a 4500
001 - NÚMERO DE CONTROL
campo de control BRCA_8313
005 - FECHA Y HORA DE LA ÚLTIMA TRANSACCIÓN
campo de control 20190320210225.0
008 - DATOS DE LONGITUD FIJA--INFORMACIÓN GENERAL
campo de control de longitud fija 230614s1955----gw-####f##---#000-0#ger-#
041 ## - CÓDIGO DE LENGUA
Código de lengua del texto/banda sonora o título independiente ger
044 ## - CÓDIGO DEL PAÍS DE LA ENTIDAD EDITORA/PRODUCTORA
Código MARC del país gw
050 #4 - SIGNATURA TOPOGRÁFICA DE LA BIBLIOTECA DEL CONGRESO
Número de clasificación HC286.5
Número de documento/Ítem .W3 1955
100 1# - ENTRADA PRINCIPAL--NOMBRE DE PERSONA
Nombre de persona Wallch, Henry C.
9 (RLIN) 20756
245 10 - MENCIÓN DE TÍTULO
Título Triebkräfte des deutschen wiederaufstiegs
Mención de responsabilidad, etc. Henry C. Wallch.
260 ## - PUBLICACIÓN, DISTRIBUCIÓN, ETC.
Lugar de publicación, distribución, etc. Francfurt
Fecha de publicación, distribución, etc. Knapp
Lugar de fabricación/manufactura 1955
300 ## - DESCRIPCIÓN FÍSICA
Extensión 374 p.
Dimensiones 21 cm.
500 ## - NOTA GENERAL
Nota general S139
650 14 - PUNTO DE ACCESO ADICIONAL DE MATERIA--TÉRMINO DE MATERIA
Término de materia o nombre geográfico como elemento de entrada Industria
Subdivisión geográfica Alemania
9 (RLIN) 20757
650 14 - PUNTO DE ACCESO ADICIONAL DE MATERIA--TÉRMINO DE MATERIA
Término de materia o nombre geográfico como elemento de entrada Economía
Subdivisión geográfica Alemania
9 (RLIN) 14494
651 #4 - PUNTO DE ACCESO ADICIONAL DE MATERIA--NOMBRE GEOGRÁFICO
Nombre geográfico Alemania
Subdivisión general Historia
9 (RLIN) 5819
902 ## - CATALOGADOR
Iniciales GFM
942 ## - ELEMENTOS DE PUNTO DE ACCESO ADICIONAL (KOHA)
Fuente del sistema de clasificación o colocación Library of Congress Classification
Tipo de ítem Koha Libros
Holdings
Estado de retiro Estado de pérdida Estado dañado No para préstamo Localización permanente Ubicación/localización actual Fecha de adquisición Número de inventario Total de préstamos Signatura topográfica completa Código de barras Fecha visto por última vez Precio válido a partir de Tipo de ítem Koha
El ejemplar forma parte de la colección y puede ser consultado según las políticas vigentes.       Biblioteca del Museo Franz Mayer (Rogerio Casas-Alatriste) Biblioteca del Museo Franz Mayer (Rogerio Casas-Alatriste) 23/06/2014 S139   HC286.5 .W3 1955 (S139) 8937 22/03/2019 22/03/2019 Libros